Statistics for Word Puzzles - Countries

Click here to take the quiz!

General Stats

  • This quiz has been taken 39,981 times
  • The average score is 10 of 20

Answer Stats

Word Puzzle Solution Country % Correct
Barbie's Boyfriend + German 'yes'Ken + JaKenya
95%
Italian Capital + Enthusiasm/CrazeRome + ManiaRomania
86%
Male Cow + Mr. Busey + ABull + Gary + ABulgaria
66%
Pool Stick + Sheep SoundCue + BaaCuba
65%
Mr. Nolte + Pirate Sound + Spanish WaterNick + Arrgh + AguaNicaragua
59%
Female Undergarment + Window LedgeBra + SillBrazil
57%
Sight Organ + Spice Storage ShelfEye + RackIraq
56%
Starboard Opposite + Gnaw Food +
Brazen Boldness
Port + Chew + GallPortugal
48%
Mr. Seymour Hoffman + Pinto/Garbanzo etc ...Philip + BeansPhilippines
45%
Pathogenic Microorganism +
Numerous
Germ + ManyGermany
42%
Pressing/Dire + Mrs. TurnerUrgent + TinaArgentina
41%
Patella Location + Mr. GiamattiKnee + PaulNepal
40%
Ghostly Sound + Light BrownBoo + TanBhutan
40%
Twilight Heroine +
Clever Trick to Fool Someone
Bella + RuseBelarus
39%
Wrath + Terra FirmaIre + LandIreland
35%
Propel a Dinghy + Miss SykesRow + WandaRwanda
33%
Not Less + Golfer MediateMore + RoccoMorocco
32%
Dove's Sound + PauseCoo + WaitKuwait
29%
Canadian Rock Band +
Playwright George Bernard
Rush + ShawRussia
27%
Canadian $2 Coin + Ruler of IranToonie + ShahTunisia
21%

Score Distribution

Percentile by Number Answered

Percent of People with Each Score

Your Score History

You have not taken this quiz